000 01005cam a22003014a 4500
001 14190421
003 OSt
005 20150408114138.0
008 051206s2007 njua b 001 0 eng
010 _a 2005058605
020 _a9780132047678
020 _a0131877119 (hbk.)
035 _a(OCoLC)ocm62534022
035 _a(OCoLC)62534022
_z(OCoLC)79424478
040 _aMa-Un
050 0 0 _aTA340
_b.P738 2007
082 0 0 _a519.02462
_222
245 0 0 _aProbability & statistics for engineers & scientists /
_cRonald E. Walpole ... [et al.].
246 3 0 _aProbability and statistics for engineers and scientists
250 _a8th ed.
260 _aUpper Saddle River, NJ :
_bPearson Prentice Hall,
_cc2007.
300 _axxiii, 816 p. :
_bill. (some col.) ;
_c25 cm.
504 _aIncludes bibliographical references (p. [737]-740) and index.
650 0 _aEngineering
_xStatistical methods.
_912853
650 0 _aProbabilities.
700 1 _aWalpole, Ronald E.
_918168
942 _2ddc
_cBOOK
999 _c30504
_d265004